Làng nghề truyền thống Quảng Trị
Sách giới thiệu tổng quan về làng nghề truyền thống ở Quảng Trị như làng nghệ sĩ Tùng Luật, làng Phước Tuyền và nghề đúc đồng, làng rèn,...
Đã lưu trong:
| Príomhúdar: | |
|---|---|
| Formáid: | Leabhar |
| Teanga: | Undetermined |
| Foilsithe: |
Hà Nội
Văn hóa Dân tộc
2011
|
| Ábhair: | |
| Clibeanna: |
Cuir Clib Leis
Gan Chlibeanna, Bí ar an gcéad duine leis an taifead seo a chlibeáil!
|
| Thư viện lưu trữ: | Trung tâm Học liệu Trường Đại học Cần Thơ |
|---|
| LEADER | 00816nam a2200205Ia 4500 | ||
|---|---|---|---|
| 001 | CTU_167692 | ||
| 008 | 210402s9999 xx 000 0 und d | ||
| 082 | |a 680.0959747 | ||
| 082 | |b Th300 | ||
| 100 | |a Y, Thi | ||
| 245 | 0 | |a Làng nghề truyền thống Quảng Trị | |
| 245 | 0 | |c Y Thi chủ biên | |
| 260 | |a Hà Nội | ||
| 260 | |b Văn hóa Dân tộc | ||
| 260 | |c 2011 | ||
| 520 | |a Sách giới thiệu tổng quan về làng nghề truyền thống ở Quảng Trị như làng nghệ sĩ Tùng Luật, làng Phước Tuyền và nghề đúc đồng, làng rèn,... | ||
| 650 | |a Handicraft industries,Nghề thủ công | ||
| 650 | |z Vietnam,Vietnam | ||
| 904 | |i Trọng Hải | ||
| 980 | |a Trung tâm Học liệu Trường Đại học Cần Thơ | ||